Mariana Pineda. Doña Rosita la soltera o El lenguaje de las flores

Sparad:
Bibliografiska uppgifter
Huvudupphovsman: García Lorca, Federico
Materialtyp: Bok
Språk:Undetermined
Publicerad: Madrid, España Espasa-Calpe 1979
Upplaga:3 edición
Ämnen:
Taggar: Lägg till en tagg
Inga taggar, Lägg till första taggen!

MARC

LEADER 00000nam a2200000Ia 4500
008 170316s9999 xx 000 0 und d
040 |a cru BVZT 
090 |a 862 G-13m 
100 |a García Lorca, Federico 
245 |a Mariana Pineda. Doña Rosita la soltera o El lenguaje de las flores 
250 |a 3 edición 
260 |a Madrid, España 
260 |b Espasa-Calpe 
260 |c 1979 
300 |a 230 páginas 
650 |a LITERATURA ESPAÑOLA 
650 |a POEMAS 
999 |c 9879  |d 9879 
942 |c 15 D  |h 862 G-13m  |2 z